000 00565nam a2200241Ia 4500
005 20260306145718.0
008 008 260114s9999 xx 000 0 eng d
020 _a9783110560794
037 _aEbook
040 _aCRL
040 _beng
040 _cCRL
041 _2eng
041 _aeng
084 _qCRL
245 0 _aImmanuel Kant – Die Einheit des Bewusstseins
260 _bDe Gruyter
260 _c2017
650 _aPhilosophy
856 _uhttps://www.degruyter.com/isbn/9783110560794
942 _cEBOOK
999 _c1690401
_d1690401